Central Library OPAC University of Rajshahi

আমার বাংলাদেশ : (Record no. 39809)

MARC details
000 -LEADER
fixed length control field 00938nam a2200229 a 4500
001 - CONTROL NUMBER
control field 39809
003 - CONTROL NUMBER IDENTIFIER
rucl marc code BD-RjUL
005 - DATE AND TIME OF LATEST TRANSACTION
control field 20211209053049.0
008 - FIXED-LENGTH DATA ELEMENTS--GENERAL INFORMATION
fixed length control field 160418s2016 bg a|||| |||| 00| 0 ben d
020 ## - INTERNATIONAL STANDARD BOOK NUMBER
International Standard Book Number 9789849213215
Terms of availability : TK 400.00
035 ## - SYSTEM CONTROL NUMBER
System control number (BD-RjUL) 39922
040 ## - CATALOGING SOURCE
Original cataloging agency BD-RjUL
Language of cataloging ben
Transcribing agency BD-RjUL
041 ## - LANGUAGE CODE
Language code of text/sound track or separate title ben
082 ## - DEWEY DECIMAL CLASSIFICATION NUMBER
Edition number 23
Classification number 934.01
Author mark and year SHA 2016
100 ## - MAIN ENTRY--PERSONAL NAME
Personal name শাহনাওয়াজ, এ কে এম
9 (RLIN) 120311
245 10 - TITLE STATEMENT
Title আমার বাংলাদেশ :
Remainder of title প্রাচীন যুগ /
Statement of responsibility, etc. এ কে এম শাহনাওয়াজ
260 ## - PUBLICATION, DISTRIBUTION, ETC. (IMPRINT)
Place of publication, distribution, etc. ঢাকা :
Name of publisher, distributor, etc. চন্দ্রাবতী একাডেমী,
Date of publication, distribution, etc. ২০১৬
300 ## - PHYSICAL DESCRIPTION
Pagination ৬০ পৃ. :
Illustrations চিত্র ;
Size ২২ সেমি.
650 ## - SUBJECT ADDED ENTRY--TOPICAL TERM
Topical term or geographic name as entry element ইতিহাস (প্রাচীন যুগ)
Geographic subdivision বাংলাদেশ
9 (RLIN) 122627
Topical term or geographic name as entry element History (Ancient Period)
Geographic subdivision Bangladesh
9 (RLIN) 122628
942 ## - ADDED ENTRY ELEMENTS (KOHA)
Source of classification or shelving scheme Dewey Decimal Classification
Koha item type Books
Holdings
Lost status Source of classification or shelving scheme Damaged status Not for loan Collection code Permanent Location Current Location Shelving location Date acquired Source of acquisition Cost, normal purchase price Total Checkouts Full call number Date last seen Copy number Koha item type Date checked out Total Renewals
  Dewey Decimal Classification   Not For Loan Non-fiction Central Library, University of Rajshahi Central Library, University of Rajshahi Reading Room 12/04/2016 Viddasogor, Rajshahi 400.00   B 954.01 SHA 2016 18/04/2016 C-1 Books    
  Dewey Decimal Classification     Non-fiction Central Library, University of Rajshahi Central Library, University of Rajshahi   12/04/2016 Viddasogor, Rajshahi 400.00 9 B 954.01 SHA 2016 09/09/2024 C-2 Books 21/08/2024  
  Dewey Decimal Classification     Non-fiction Central Library, University of Rajshahi Central Library, University of Rajshahi   12/04/2016 Viddasogor, Rajshahi 400.00 9 B 954.01 SHA 2016 04/12/2019 C-3 Books 25/11/2019 1